Responses for Show #5503 - Wednesday, July 9, 2008

Aaron Schroeder game 4.

Contestants

[<< previous game]

Liz Basile, a client services manager from Englewood, New Jersey

Greg Bell, an infantryman from San Gabriel, California

Aaron Schroeder, a graduate student originally from Washington, D.C. (whose 3-day cash winnings total $79,101)

[next game >>]

Jeopardy! Round responses

INFECTIOUS DISEASES
PLANES, TRAINS OR AUTOMOBILES
BOOKS FOR THE TRAVELER
ART FOR ART'S SAKE
____OFF!
RELAX, WE'RE STILL RATED G
    $200 1
HIV

Aaron
    $200 16
trains

Aaron
    $200 6
Dummies

Liz
    $200 21
(Alex: [As Aaron begins to call the next category] Salvador was a little weird, wasn't he?)
(Aaron: Sorry.)

eggs

Aaron
    $200 11
a spin-off

Greg
    $200 26
Yellow Submarine

Aaron
    $400 2
(Greg: What is hepatitis?)

yellow fever

AaronGreg
    $400 17
automobiles

Aaron
    $400 7
Today

Liz
    $400 22
sand

Liz
    $400 12
a rip-off

Liz
    $400 27
Finding Nemo

Aaron
    $600 3
hepatitis

Liz
    $600 18
(Greg: What are trains?)

planes

Greg
Triple Stumper
    $600 8
Shop

Aaron
    $600 23
chocolate

Aaron
    $600 13
a knockoff

Greg
    $600 28
Babe

Aaron
    $800 4
(Alex: [*] Mary, yes.)

typhoid

Liz
    $800 19
automobiles

Greg
    $800 9
Lonely Planet

Greg
    $800 24
pylons or traffic cones

Aaron
    $800 14
a write-off

Aaron
    $800 29
(Greg: What is [*]...2?)

Toy Story

AaronGreg
    $1000 5
the Crimean War

Aaron
    $1000 20
trains

Aaron
    $1,000 10
Alaska

Greg
    $1000 25
Columbus Day

Greg
    $1000 15
a runoff

Aaron
    $1000 30
Wallace & Gromit

Aaron

Scores at the first commercial break (after clue 15):

Aaron Greg Liz
$4,000 $2,200 $2,400

Scores at the end of the Jeopardy! Round:

Aaron Greg Liz
$10,200 $2,600 $2,800

Double Jeopardy! Round responses

FICTIONAL CHARACTERS
TV WOMEN
ASIA
OLYMPIC MASCOTS
HE WAS PRESIDENT WHEN...
"C" SHARP
    $400 6
Stella

Greg
    $400 1
Katie Couric

Greg
    $400 14
Bangkok

Greg
    $400 8
a panda

Aaron
    $400 19
Reagan

Aaron
    $400 26
carded

Aaron
    $800 7
Jem

Triple Stumper
    $800 2
Roseanne Barr

Aaron
    $800 15
Nepal

Aaron
    $800 9
Seoul

Aaron
    $800 20
Theodore Roosevelt

Aaron
    $800 27
a cyclone

Greg
    $1200 13
Rabbit

Aaron
    $1200 3
Sarah Connor

Aaron
    $1200 16
Myanmar or Burma

Aaron
    $1200 10
Munich

Greg
    $1,200 21
(Alex: [*] is right. [*]. 1922.)

(Warren G.) Harding

Aaron
    $1200 28
a corpse

Greg
    $1600 24
the Man in the Iron Mask

Aaron
    $1600 4
Heidi

Aaron
    $1600 17
Vladivostok

Triple Stumper
    $3,000 11
Lillehammer

Greg
    $1600 22
Eisenhower

Liz
    $1600 29
crimp

Greg
    $2000 25
Rooster Cogburn

Liz
    $2000 5
S. Epatha Merkerson

Liz
    $2000 18
Hormuz

Aaron
    $2000 12
Misha

Liz
    $2000 23
James Madison

Liz
    $2000 30
a concordat

Triple Stumper

Scores at the end of the Double Jeopardy! Round:

Aaron Greg Liz
$24,600 $11,600 $12,400

[wagering suggestions for these scores]

Final Jeopardy! Round responses

CHILDREN'S LITERATURE
(Alex: Her most famous tale came out about 10 years after this one.)
GregWho is Beatrix Potter?
$11,599
LizWho is Beatrix [poorly written Potter? crossed out] Potter?
$12,300
AaronWho is Beatrix Potter
$201
Beatrix Potter

Final scores:

Aaron Greg Liz
$24,801 $23,199 $24,700
4-day champion: $103,902 3rd place: $1,000 2nd place: $2,000

Game dynamics:

Coryat scores:

Aaron Greg Liz
$24,600 $10,200 $12,400
31 R
(including 1 DD),
0 W
14 R
(including 2 DDs),
3 W
11 R,
0 W

Combined Coryat: $47,200

[game clues] [game scores] [suggest correction]

Game tape date: 2008-03-26
The J! Archive is created by fans, for fans. Scraping, republication, monetization, and malicious use prohibited; this site may use cookies and collect identifying information. See terms. The Jeopardy! game show and all elements thereof, including but not limited to copyright and trademark thereto, are the property of Jeopardy Productions, Inc. and are protected under law. This website is not affiliated with, sponsored by, or operated by Jeopardy Productions, Inc. Join the discussion at JBoard.tv.